College Football Division 1 FCS Programs - Statistics

General Stats
  • This quiz has been taken 63 times
  • The average score is 59 of 129
Answer Stats
Hint Answer % Correct
Ivy League Harvard
92%
Ivy League Yale
86%
Missouri Valley North Dakota
82%
Ivy League Princeton
82%
Ivy League Cornell
80%
Big Sky Montana
80%
Big Sky Montana State
80%
Missouri Valley North Dakota State
80%
Missouri Valley South Dakota
80%
Ivy League Brown
78%
Ivy League Dartmouth
78%
Missouri Valley South Dakota State
78%
Big Sky Idaho
76%
Ivy League Columbia
74%
Big Sky Idaho State
74%
Ivy League Pennsylvania
74%
SWAC Southern
68%
SWAC Florida A&M
64%
Missouri Valley Missouri State
62%
SWAC Alabama A&M
60%
Big Sky Eastern Washington
58%
Missouri Valley Indiana State
56%
Big Sky Northern Arizona
56%
SWAC Alabama State
54%
CAA Maine
54%
Big Sky Portland State
54%
SWAC Grambling State
52%
SWAC Jackson State
52%
Big South Tennessee State
52%
CAA Villanova
52%
CAA Albany
50%
United Eastern Kentucky
50%
Missouri Valley Illinois State
50%
Big Sky Northern Colorado
50%
Big Sky Sacramento State
50%
Missouri Valley Youngstown State
50%
Patriot League Colgate
48%
CAA Delaware
48%
MEAC Howard
48%
Missouri Valley Northern Iowa
48%
CAA Rhode Island
48%
MEAC South Carolina State
48%
Missouri Valley Southern Illinois
48%
Big Sky UC Davis
48%
CAA William & Mary
48%
SWAC Alcorn State
46%
Patriot League Bucknell
46%
CAA Campbell
46%
MEAC Delaware State
46%
Patriot League Georgetown
46%
Patriot League Lehigh
46%
CAA New Hampshire
46%
MEAC Norfolk State
46%
United Stephen F. Austin
46%
Pioneer League Stetson
46%
United Abilene Christian
44%
Big South Eastern Illinois
44%
Patriot League Holy Cross
44%
Pioneer League San Diego
44%
SoCon Wofford
44%
Pioneer League Butler
42%
Big South Charleston Southern
42%
SoCon Chattanooga
42%
Pioneer League Drake
42%
NEC Long Island
42%
Southland McNeese State
42%
SoCon Mercer
42%
CAA North Carolina A&T
42%
Southland Southeastern Louisiana
42%
United Southern Utah
42%
Big South Tennessee Tech
42%
United Utah Tech
42%
SWAC Arkansas-Pine Bluff
40%
NEC Central Connecticut State
40%
CAA Elon
40%
Southland Lamar
40%
NEC Sacred Heart
40%
SWAC Texas Southern
40%
SoCon The Citadel
40%
Pioneer League Valparaiso
40%
Big South Western Illinois
40%
SWAC Bethune-Cookman
38%
CAA Bryant
38%
CAA Hampton
38%
Southland Incarnate Word
38%
Patriot League Lafayette
38%
NEC Merrimack
38%
SWAC Mississippi Valley State
38%
Pioneer League Morehead State
38%
Southland Northwestern State
38%
CAA Richmond
38%
Big South Southeast Missouri State
38%
SoCon VMI
38%
Big Sky Weber State
38%
United Tarleton State
36%
NEC Wagner
36%
Big Sky Cal Polytechnic
34%
Pioneer League Dayton
34%
SoCon Furman
34%
Pioneer League Marist
34%
Missouri Valley Murray State
34%
United North Alabama
34%
MEAC North Carolina Central
34%
NEC Robert Morris
34%
Southland Texas A&M-Commerce
34%
Big South Lindenwood
32%
SWAC Prairie View A&M
32%
SoCon Samford
32%
CAA Stony Brook
32%
Pioneer League St. Thomas
32%
Big South UT Martin
32%
United Central Arkansas
30%
Pioneer League Davidson
30%
SoCon East Tennessee State
30%
Big South Gardner-Webb
30%
CAA Monmouth
30%
MEAC Morgan State
30%
Southland Nicholls State
30%
Pioneer League Presbyterian
30%
NEC Stonehill
30%
SoCon Western Carolina
30%
United Austin Peay
28%
Patriot League Fordham
28%
Southland Houston Christian
28%
CAA Towson
28%
NEC St. Francis (PA)
26%
United UT Rio Grande Valley
20%
United West Georgia
14%
NEC Duquense
6%
No matching quizzes found
Score Distribution
Percent of People with Each Score
Percentile by Number Answered
Your Score History
You have not taken this quiz